| 000 | 00566nam a22001697a 4500 | ||
|---|---|---|---|
| 003 | SGT | ||
| 020 | _a9788190426961 | ||
| 082 | _a657,SIN | ||
| 100 | _aSINGHAL,A.K | ||
| 245 | _aCOMPANY ACCOUNTING | ||
| 250 | _a1ST | ||
| 260 |
_aNEW DELHI _bJBC PUBLISHERS & DISTRIBUTERS _c2008 |
||
| 300 | _aV.P | ||
| 650 | _aACCOUNTING | ||
| 653 | _aMEANING OF A COMPANY, TYPES OF COMPANIES, CORPORATE ACCOUNTING, MEANING OF SHARE, TYPES OF SHARE, SEBI GUIDELINES ON ISSUE OF SHARE, ENTRIES ON ISSUE OF SHARE, ENTRIES ON ISSUE OF SHARE, FORFEITURE OF SHARE, | ||
| 942 |
_2ddc _cFCM |
||
| 999 |
_c9236 _d9236 |
||